भारतीय अर्थव्यवस्था : (Record no. 120939)

MARC details
000 -LEADER
fixed length control field 01197nam a22002657a 4500
005 - DATE AND TIME OF LATEST TRANSACTION
control field 20170124103205.0
010 ## - LIBRARY OF CONGRESS CONTROL NUMBER
LC control number A-904241
020 ## - INTERNATIONAL STANDARD BOOK NUMBER
Terms of availability 00.00
International Standard Book Number 8173280932
035 ## - SYSTEM CONTROL NUMBER
System control number A-904241
037 ## - SOURCE OF ACQUISITION
Source of stock number/acquisition Cen Lib/Ret
040 ## - CATALOGING SOURCE
Original cataloging agency DPL
Language of cataloging HN
082 ## - DEWEY DECIMAL CLASSIFICATION NUMBER
Classification number 330.954
Item number अग्रवा
100 ## - MAIN ENTRY--PERSONAL NAME
Personal name अग्रवाल, ए.एन.
9 (RLIN) 44189
245 ## - TITLE STATEMENT
Title भारतीय अर्थव्यवस्था :
Statement of responsibility, etc ए.एन.अग्रवाल
Remainder of title विकास एवं आयोजन /
246 ## - VARYING FORM OF TITLE
Title proper/short title Bharteey arthvyavstha : vikas ewam aayojan /
Remainder of title by A.N.Agarwal
250 ## - EDITION STATEMENT
Edition statement तेइसवां संस्करण
260 ## - PUBLICATION, DISTRIBUTION, ETC. (IMPRINT)
Place of publication, distribution, etc नई दिल्ली
Name of publisher, distributor, etc विश्व प्रकाशन
Date of publication, distribution, etc 1997
270 ## - ADDRESS
City नई दिल्ली
Address 4835/24 अंसारी रोड, दरियागंज
Postal code 110002
300 ## - PHYSICAL DESCRIPTION
Extent xi,608पृ.
Dimensions 23सेमी(सजिल्द)
650 ## - SUBJECT ADDED ENTRY--TOPICAL TERM
Topical term or geographic name as entry element अल्पविकास -- कारण
9 (RLIN) 93475
650 ## - SUBJECT ADDED ENTRY--TOPICAL TERM
Topical term or geographic name as entry element भारत -- अर्थव्यवस्था
9 (RLIN) 4690
650 ## - SUBJECT ADDED ENTRY--TOPICAL TERM
Topical term or geographic name as entry element Under development -- reasons
9 (RLIN) 93476
650 ## - SUBJECT ADDED ENTRY--TOPICAL TERM
Topical term or geographic name as entry element India - Economy
9 (RLIN) 93477
942 ## - ADDED ENTRY ELEMENTS (KOHA)
Source of classification or shelving scheme Dewey Decimal Classification
Koha item type Hindi Books
Classification part 330.954
Call number suffix अग्रवा
Holdings
Withdrawn status Lost status Damaged status Not for loan Home library Current library Date acquired Source of acquisition Cost, normal purchase price Total Checkouts Full call number Barcode Date last seen Copy number Cost, replacement price Price effective from Koha item type
        Central Library Central Library 29/09/2015 Cen Lib/Ret 0.00   330.954 अग्रवा A-904241 29/09/2015 1 0.00 29/09/2015 Hindi Books

© Delhi Public Library
Hit Counter
free hit counter